000 00573nam a2200181Ia 4500
008 090123s9999 xx 000 0 und d
082 _b42290
100 _aखांडेकर राजीव
245 _aहार्ट टू हार्ट भाग 2
250 _a1
260 _c2007
300 _a180
600 _aखांडेकर राजीव
630 _aहार्ट टू हार्ट भाग 2
700 _aखांडेकर राजीव
730 _aहार्ट टू हार्ट भाग 2
942 _cBOOK
999 _c80368
_d80368